000 00266nam a22001217a 4500
008 170922b xxu||||| |||| 00| 0 eng d
041 _aeng
080 _a37
100 _a46
101 _aWDU
245 _aIN PURSUIT OF EXCELLRNCE
_cCANNS.D.M
942 _2udc
_cBK
999 _c29109
_d29109